000 00709nam a2200217Ia 4500
005 20241129111436.0
008 241129s9999||||xx |||||||||||||| ||und||
020 _a978-93-81490-97-6
037 _aTB
040 _aCRL
_bhin
_cCRL
041 _ahin
_2hin
084 _aO152,1:g Q9
_qCRL
100 _aआर्य, देवेन्द्र, ले.
245 0 _aशब्द असीमित
_cआर्य, देवेन्द्र, ले.
260 _aदिल्ली, भारत
_bयश पब्लिकेशंस
_c2019
300 _a224पृ0
365 _aINR
_b595
650 _aHindi literaturePoetry
942 _cTB
_hO152,1:g Q9
999 _c1230483
_d1230483